| 000 | 00501 a2200157 4500 | ||
|---|---|---|---|
| 001 | ART_44983 | ||
| 005 | 20260410162039.0 | ||
| 008 | 260409a | ||
| 245 | 1 | 0 | _aDiferenciación social y procesos de mercantilización en los campesinos de la puna jujeña |
| 100 | 1 | _aPaz, Raúl | |
| 700 | 1 | _aSosa Valdez, Freddy | |
| 700 | 1 | _aLamas, Hugo | |
| 700 | 1 | _aEchazú, Fernando | |
| 700 | 1 | _aCalifano, Laura | |
| 773 | 0 |
_tEstudios del trabajo _g- Nº 43/44 (ene./dic. 2012) _wREV44896 |
|
| 999 |
_c34724 _d34724 |
||